000 00723nam a2200193 i 4500
001 26739
003 ES-MaACL
005 20230906153508.0
007 t|
008 030101s1940 gw ||||1| ger d
245 0 4 _aDas auslándische Verwaltungsrecht der Gengenwart /
_cheraugegeben Von Reinhard Hohn unter mitivinkung von Dr. Gunther Bornhousen, Dr Roger Diener mit einen gehiubort von Dr Wilchon Stuchart.
260 _aBerlĂ­n :
_bRv Deckers Verla,
_c1940 (
_fG. Schench)
300 _aXXXI, 330 p. ;
_c23 cm.
700 1 _aHohn, Reinhard.
_963987
700 1 _aStuchart, Wilhchon.
_9108492
700 1 _aBornhousen, Gunther.
_930525
700 1 _aVerla Diener, Roger.
_9114140
852 _aES-MaACL
_jF-15649
_bR.19216
999 _c26739
_d26739